[Event "Winnipeg Woodbury Memorial"]
[Site "Winnipeg"]
[Date "2019.11.26"]
[Round "4.6"]
[White "Furda, Evheniya Diana"]
[Black "Proulx, Roy"]
[Result "0-1"]
[WhiteElo "1604"]
[BlackElo "1833"]
[PlyCount "104"]
[EventDate "2019.11.05"]
[EventType "swiss"]
[EventRounds "6"]
[EventCountry "CAN"]
[SourceTitle "EXT 2023"]
[Source "ChessBase"]
[SourceDate "2022.10.05"]
[SourceVersion "1"]
[SourceVersionDate "2022.10.05"]
[SourceQuality "1"]

1. e4 c5 2. Nf3 e6 3. d4 cxd4 4. Nxd4 Nf6 5. Nc3 Bb4 6. Bg5 Bxc3+ 7. bxc3 Qa5 8. Bd2 Nxe4 9. Nb3 Qe5 10. Be2 Nxc3 11. Bxc3 Qxc3+ 12. Nd2 0-0 13. 0-0 Nc6 14. Nc4 Qd4 15. Nd6 a5 16. Nxc8 Raxc8 17. Qd3 Qxd3 18. Bxd3 Nb4 19. Rfc1 Nxd3 20. cxd3 Rc6 21. h3 Rfc8 22. Rd1 Kf8 23. d4 d5 24. Rab1 b6 25. Rb2 Ke7 26. Rdb1 Rc1+ 27. Kh2 Rxb1 28. Rxb1 Rc6 29. Kg3 f6 30. Kf3 e5 31. Ke3 Kd7 32. Rb5 Kd6 33. Kd3 h5 34. g3 e4+ 35. Kd2 g5 36. h4 Ke6 37. hxg5 fxg5 38. Ke3 Rd6 39. f3 exf3 40. Kxf3 Kf5 41. Rb3 g4+ 42. Ke3 Kg5 43. Kf2 h4 44. gxh4+ Kxh4 45. Kg2 Rc6 46. Rb5 Rc2+ 47. Kf1 Rxa2 48. Rxb6 a4 49. Rb5 a3 50. Ra5 Kg3 51. Rxd5 Rb2 52. Ra5 a2 0-1

[Event "Winnipeg Woodbury Memorial"]
[Site "Winnipeg"]
[Date "2019.11.19"]
[Round "3.4"]
[White "Proulx, Roy"]
[Black "Bince, Rolando"]
[Result "1/2-1/2"]
[WhiteElo "1833"]
[BlackElo "1866"]
[PlyCount "51"]
[EventDate "2019.11.05"]
[EventType "swiss"]
[EventRounds "6"]
[EventCountry "CAN"]
[SourceTitle "EXT 2023"]
[Source "ChessBase"]
[SourceDate "2022.10.05"]
[SourceVersion "1"]
[SourceVersionDate "2022.10.05"]
[SourceQuality "1"]

1. e4 c5 2. Nf3 e6 3. d4 cxd4 4. Nxd4 a6 5. Nc3 b5 6. Bd3 Nc6 7. Nxc6 dxc6 8. 0-0 Bb7 9. Qe2 Qc7 10. e5 Ne7 11. Bf4 Nd5 12. Bg3 Nxc3 13. bxc3 Be7 14. f4 g6 15. a4 0-0 16. h3 h5 17. Bh2 Qb6+ 18. Kh1 Qc5 19. g4 hxg4 20. Bg1 Qxc3 21. Qxg4 c5+ 22. Kh2 Kh8 23. Bxg6 fxg6 24. Qxg6 Qd2+ 25. Rf2 Qd5 26. Qh6+ 1/2-1/2

[Event "Winnipeg op"]
[Site "Winnipeg"]
[Date "2019.07.09"]
[Round "5.8"]
[White "Magyar, Peter"]
[Black "Proulx, Roy"]
[Result "0-1"]
[WhiteElo "1471"]
[BlackElo "1814"]
[PlyCount "58"]
[EventDate "2019.06.04"]
[EventType "swiss"]
[EventRounds "8"]
[EventCountry "CAN"]
[SourceTitle "EXT 2023"]
[Source "ChessBase"]
[SourceDate "2022.10.05"]
[SourceVersion "1"]
[SourceVersionDate "2022.10.05"]
[SourceQuality "1"]

1. d4 Nf6 2. Bf4 e6 3. e3 d5 4. Be2 Bd6 5. Bg3 Ne4 6. Nf3 Nd7 7. Nbd2 f5 8. Ne5 0-0 9. c3 Nxg3 10. hxg3 Nxe5 11. dxe5 Bxe5 12. f4 Bf6 13. Qc2 c5 14. g4 Bh4+ 15. Kd1 Bf2 16. Qd3 d4 17. Nc4 dxe3 18. Nd6 Qe7 19. Kc2 Rd8 20. Nxf5 exf5 21. Qc4+ Be6 22. Qb5 a6 23. Qa5 Rd2+ 24. Kc1 Rxe2 25. Rd1 Rd2 26. Rxd2 exd2+ 27. Kxd2 Qd6+ 28. Kc2 Rd8 29. c4 Qd3+ 0-1

[Event "Winnipeg op"]
[Site "Winnipeg"]
[Date "2019.06.25"]
[Round "4.3"]
[White "Baron, Gustav L"]
[Black "Proulx, Roy"]
[Result "1-0"]
[WhiteElo "2204"]
[BlackElo "1814"]
[PlyCount "70"]
[EventDate "2019.06.04"]
[EventType "swiss"]
[EventRounds "8"]
[EventCountry "CAN"]
[SourceTitle "EXT 2023"]
[Source "ChessBase"]
[SourceDate "2022.10.05"]
[SourceVersion "1"]
[SourceVersionDate "2022.10.05"]
[SourceQuality "1"]

1. f4 d6 2. e4 g6 3. Nf3 Bg7 4. d4 Nd7 5. Nc3 e5 6. Be3 Ngf6 7. fxe5 dxe5 8. dxe5 Ng4 9. Bg5 f6 10. exf6 Bxf6 11. Qd2 0-0 12. Bc4+ Kh8 13. 0-0 Qe7 14. Bb3 c6 15. Rae1 Nge5 16. Bh6 Bg7 17. Bxg7+ Kxg7 18. Nxe5 Nxe5 19. Qd4 Bd7 20. Nd1 Rf6 21. Rxf6 Qxf6 22. Qf2 Rf8 23. Qxf6+ Rxf6 24. h3 c5 25. Ne3 b5 26. Bd5 Bxh3 27. gxh3 Nf3+ 28. Kf2 Nxe1+ 29. Kxe1 Rf3 30. Kd2 Rxh3 31. e5 Rh4 32. Bc6 Rd4+ 33. Ke2 h5 34. c3 Ra4 35. a3 b4 1-0

[Event "Winnipeg op"]
[Site "Winnipeg"]
[Date "2019.06.18"]
[Round "3.1"]
[White "Proulx, Roy"]
[Black "Ubaka, Michael"]
[Result "0-1"]
[WhiteElo "1814"]
[BlackElo "1815"]
[PlyCount "52"]
[EventDate "2019.06.04"]
[EventType "swiss"]
[EventRounds "8"]
[EventCountry "CAN"]
[SourceTitle "EXT 2023"]
[Source "ChessBase"]
[SourceDate "2022.10.05"]
[SourceVersion "1"]
[SourceVersionDate "2022.10.05"]
[SourceQuality "1"]

1. e4 e5 2. d4 exd4 3. Qxd4 Nc6 4. Qe3 d6 5. Nc3 Be7 6. Bd2 Be6 7. 0-0-0 Nf6 8. Bb5 a6 9. Bxc6+ bxc6 10. h3 c5 11. f4 c6 12. g4 Nd7 13. f5 Bc4 14. b3 Qb6 15. bxc4 Rb8 16. Be1 h6 17. h4 Ne5 18. Qe2 Bf6 19. Rxd6 Qb4 20. Rxf6 Nxc4 21. Qh2 Qb2+ 22. Kd1 Rd8+ 23. Ke2 Qxc2+ 24. Kf3 Rd3+ 25. Kf4 Qc1+ 26. Bd2 Rxd2 0-1

[Event "Winnipeg op"]
[Site "Winnipeg"]
[Date "2019.06.04"]
[Round "1.13"]
[White "Proulx, Roy"]
[Black "Myrzaibraimova, Alia"]
[Result "1-0"]
[WhiteElo "1814"]
[BlackElo "1208"]
[PlyCount "45"]
[EventDate "2019.06.04"]
[EventType "swiss"]
[EventRounds "8"]
[EventCountry "CAN"]
[SourceTitle "EXT 2023"]
[Source "ChessBase"]
[SourceDate "2022.10.05"]
[SourceVersion "1"]
[SourceVersionDate "2022.10.05"]
[SourceQuality "1"]

1. e4 e5 2. Nf3 Nc6 3. Bc4 Nf6 4. Nc3 Bb4 5. d3 d6 6. h3 0-0 7. Bg5 h6 8. Be3 Be6 9. Nd2 Bxc3 10. bxc3 Na5 11. Bb3 a6 12. 0-0 b5 13. f4 c5 14. c4 Nc6 15. c3 Qb6 16. fxe5 dxe5 17. Bxh6 gxh6 18. Rxf6 b4 19. Qh5 Rfe8 20. Qxh6 Qd8 21. Nf3 Qe7 22. Ng5 Qf8 23. Qh7# 1-0

[Event "Winnipeg TNT February op"]
[Site "Winnipeg"]
[Date "2019.02.05"]
[Round "1.3"]
[White "Ford, Stephen"]
[Black "Proulx, Roy"]
[Result "0-1"]
[WhiteElo "1543"]
[BlackElo "1907"]
[PlyCount "128"]
[EventDate "2019.02.05"]
[EventType "swiss"]
[EventRounds "4"]
[EventCountry "CAN"]
[SourceTitle "EXT 2022"]
[Source "ChessBase"]
[SourceDate "2021.10.06"]
[SourceVersion "1"]
[SourceVersionDate "2021.10.06"]
[SourceQuality "1"]

1. e4 c5 2. Nf3 e6 3. d4 cxd4 4. Nxd4 Nc6 5. Nxc6 bxc6 6. Bc4 Nf6 7. Bg5 Be7 8. Bxf6 Bxf6 9. c3 d5 10. exd5 exd5 11. Qe2+ Be6 12. Bb3 0-0 13. 0-0 Rb8 14. Nd2 c5 15. Rab1 Bf5 16. c4 Bxb1 17. Rxb1 Re8 18. Qf3 d4 19. Qd3 a5 20. Ne4 Be7 21. Bc2 g6 22. Ba4 Rf8 23. Bb5 f5 24. Nd2 Bd6 25. Re1 Rb7 26. Qf3 Re7 27. Rxe7 Qxe7 28. g3 Qe1+ 29. Nf1 Qe4 30. Qxe4 fxe4 31. Bc6 Rb8 32. b3 Kg7 33. Bxe4 a4 34. Nd2 axb3 35. axb3 Bc7 36. Bc2 Ba5 37. Ne4 Bb4 38. Kf1 Ra8 39. Ke2 Ra2 40. Kd3 h6 41. h4 Ra8 42. g4 Rf8 43. Ke2 Rf4 44. f3 h5 45. Nf2 Rf8 46. Bd3 Re8+ 47. Be4 Re7 48. gxh5 gxh5 49. Nd3 Ba3 50. Ne1 Kf6 51. Nc2 Bb2 52. b4 cxb4 53. Nxb4 Rg7 54. Kf2 Bc1 55. Nc2 Ke5 56. Ne1 Be3+ 57. Ke2 Kf4 58. Nc2 Rg2+ 59. Kd1 Rh2 60. c5 Rd2+ 61. Ke1 d3 62. Nxe3 Kxe3 63. Bd5 Rc2 64. Kd1 Rxc5 0-1

[Event "Winnipeg Woodbury Memorial"]
[Site "Winnipeg"]
[Date "2018.12.04"]
[Round "5.3"]
[White "Boron, Anthony"]
[Black "Proulx, Roy"]
[Result "1/2-1/2"]
[WhiteElo "2016"]
[BlackElo "1616"]
[PlyCount "31"]
[EventDate "2018.11.06"]
[EventType "swiss"]
[EventRounds "7"]
[EventCountry "CAN"]
[SourceTitle "EXT 2022"]
[Source "ChessBase"]
[SourceDate "2021.10.06"]
[SourceVersion "1"]
[SourceVersionDate "2021.10.06"]
[SourceQuality "1"]

1. d4 d5 2. Bf4 e6 3. e3 Nf6 4. Nd2 Bd6 5. Bg3 h5 6. Ngf3 Ng4 7. Be2 h4 8. Bxh4 Rxh4 9. Nxh4 Nxe3 10. fxe3 Qxh4+ 11. Kf1 Qg5 12. Kf2 Nd7 13. Nf3 Qh6 14. Qd3 Nf6 15. h3 Ne4+ 16. Kg1 1/2-1/2

[Event "Winnipeg Woodbury Memorial"]
[Site "Winnipeg"]
[Date "2018.11.27"]
[Round "4.1"]
[White "Proulx, Roy"]
[Black "Baron, Gustav L"]
[Result "0-1"]
[WhiteElo "1616"]
[BlackElo "2254"]
[PlyCount "52"]
[EventDate "2018.11.06"]
[EventType "swiss"]
[EventRounds "7"]
[EventCountry "CAN"]
[SourceTitle "EXT 2022"]
[Source "ChessBase"]
[SourceDate "2021.10.06"]
[SourceVersion "1"]
[SourceVersionDate "2021.10.06"]
[SourceQuality "1"]

1. e4 c6 2. d4 d5 3. exd5 cxd5 4. Nf3 Nc6 5. Be2 Nf6 6. 0-0 Bg4 7. c4 e6 8. Nc3 Be7 9. cxd5 Nxd5 10. Nxd5 Qxd5 11. Be3 0-0 12. h3 Bh5 13. a3 Bf6 14. Rc1 Rfd8 15. Rc5 Qxc5 16. dxc5 Rxd1 17. Rxd1 Bxb2 18. Rb1 Bxa3 19. Rb3 Bb4 20. g4 Bg6 21. Nh4 Be4 22. f3 Bd5 23. Rb1 a5 24. Kf2 h6 25. f4 Be4 26. f5 Bxb1 0-1

[Event "Winnipeg op"]
[Site "Winnipeg"]
[Date "2018.07.17"]
[Round "7"]
[White "Marshall, Carter"]
[Black "Proulx, Roy"]
[Result "1-0"]
[WhiteElo "1561"]
[BlackElo "1699"]
[PlyCount "85"]
[EventDate "2018.06.05"]
[EventType "swiss"]
[EventRounds "8"]
[EventCountry "CAN"]
[SourceTitle "EXT 2022"]
[Source "ChessBase"]
[SourceDate "2021.10.06"]
[SourceVersion "1"]
[SourceVersionDate "2021.10.06"]
[SourceQuality "1"]

1. e4 c5 2. d4 cxd4 3. c3 dxc3 4. Nxc3 Nc6 5. Bc4 e6 6. Nf3 Nf6 7. Bf4 a6 8. e5 Nh5 9. Bg5 Qa5 10. Nd2 Qxe5+ 11. Nde4 Nf6 12. f4 Qd4 13. Nxf6+ gxf6 14. Qxd4 Nxd4 15. Bxf6 Nc2+ 16. Kd2 Rg8 17. Kxc2 Rxg2+ 18. Kb3 b5 19. Bd3 Bb7 20. Be4 Bxe4 21. Nxe4 a5 22. a4 d5 23. Nc3 b4 24. Nb5 Rf2 25. Nc7+ Kd7 26. Nxa8 Rf3+ 27. Ka2 b3+ 28. Kb1 Rxf4 29. Bc3 d4 30. Rd1 e5 31. Ra3 Bxa3 32. bxa3 Kc6 33. Bxa5 Kd5 34. Nb6+ Ke4 35. Bd2 Rf3 36. a5 Kd3 37. a6 Ke2 38. Re1+ Kxd2 39. Rxe5 Rf1+ 40. Kb2 Rf6 41. a7 Rxb6 42. a8Q Rg6 43. Qa5+ 1-0

[Event "Winnipeg op"]
[Site "Winnipeg"]
[Date "2018.07.10"]
[Round "6"]
[White "Proulx, Roy"]
[Black "Flynn, Darren"]
[Result "1-0"]
[WhiteElo "1699"]
[BlackElo "1357"]
[PlyCount "27"]
[EventDate "2018.06.05"]
[EventType "swiss"]
[EventRounds "8"]
[EventCountry "CAN"]
[SourceTitle "EXT 2022"]
[Source "ChessBase"]
[SourceDate "2021.10.06"]
[SourceVersion "1"]
[SourceVersionDate "2021.10.06"]
[SourceQuality "1"]

1. e4 e5 2. Nf3 Nc6 3. Bc4 Bc5 4. b4 Bxb4 5. c3 Ba5 6. 0-0 Nf6 7. Ng5 d5 8. exd5 Nxd5 9. d4 0-0 10. dxe5 Nxc3 11. Qh5 h6 12. Nxf7 Qe7 13. Nxh6+ Kh8 14. Nf5# 1-0

[Event "Winnipeg Apr Sect-B"]
[Site "Winnipeg"]
[Date "2007.04.21"]
[Round "3"]
[White "Cleto, Sam"]
[Black "Proulx, Roy"]
[Result "0-1"]
[WhiteElo "1959"]
[BlackElo "1752"]
[PlyCount "71"]
[EventDate "2007.04.20"]
[EventType "tourn"]
[EventRounds "5"]
[EventCountry "CAN"]
[SourceTitle "EXT 2019"]
[Source "ChessBase"]
[SourceDate "2018.10.10"]
[SourceVersion "1"]
[SourceVersionDate "2018.10.10"]
[SourceQuality "1"]

1. Nf3 d5 2. d4 Nf6 3. Bf4 e6 4. e3 Nbd7 5. c4 c5 6. Bd3 dxc4 7. Bxc4 cxd4 8. exd4 Nb6 9. Bd3 Nbd5 10. Bd2 Bd6 11. 0-0 Bd7 12. Ne5 Qb6 13. Nc4 Qxd4 14. Nxd6+ Ke7 15. Nxf7 Kxf7 16. Bc3 Nxc3 17. bxc3 Qc5 18. Kh1 Bc6 19. f3 Rad8 20. Qe2 Rxd3 21. Qxd3 Bb5 22. Qd1 Bxf1 23. Qxf1 Rd8 24. a4 Qc4 25. Qe1 Rd3 26. h3 Nd5 27. Ra3 Ne3 28. Nd2 Qd5 29. c4 Qd6 30. Rxd3 Qxd3 31. Ne4 h6 32. c5 Nf5 33. Qc1 Nd4 34. Qf4+ Kg8 35. Ng3 Qc3 36. Qe5 0-1

[Event "Albert Boxer Classic op"]
[Site "Winnipeg"]
[Date "2006.05.27"]
[Round "2"]
[White "Proulx, Roy"]
[Black "Gannon, Keith"]
[Result "1-0"]
[WhiteElo "1758"]
[BlackElo "1526"]
[PlyCount "41"]
[EventDate "2006.05.26"]
[EventType "swiss"]
[EventRounds "5"]
[EventCountry "CAN"]
[SourceTitle "EXT 2007"]
[Source "ChessBase"]
[SourceDate "2006.11.23"]
[SourceVersion "1"]
[SourceVersionDate "2006.11.23"]
[SourceQuality "1"]

1. e4 e5 2. Nf3 Nf6 3. Nxe5 d6 4. Nxf7 Kxf7 5. Bc4+ Ke8 6. 0-0 Bg4 7. f3 Bh5 8. d4 Be7 9. Qe2 c6 10. Nc3 Bf7 11. Bxf7+ Kxf7 12. f4 Re8 13. e5 Bf8 14. Qd3 Nd5 15. Qxh7 Nxc3 16. bxc3 Qd7 17. Bd2 Na6 18. Rae1 Qe6 19. f5 Qxa2 20. e6+ Ke7 21. Bg5# 1-0

[Event "Winnipeg TNT July op"]
[Site "Winnipeg"]
[Date "2005.07.26"]
[Round "4"]
[White "Proulx, Roy"]
[Black "Oberton, Daniel"]
[Result "1-0"]
[WhiteElo "1762"]
[BlackElo "1628"]
[PlyCount "65"]
[EventDate "2005.07.05"]
[EventType "swiss"]
[EventRounds "4"]
[EventCountry "CAN"]
[SourceTitle "EXT 2022"]
[Source "ChessBase"]
[SourceDate "2021.10.06"]
[SourceVersion "1"]
[SourceVersionDate "2021.10.06"]
[SourceQuality "1"]

1. d4 Nf6 2. Nf3 g6 3. e3 Bg7 4. Bd3 d6 5. Nbd2 0-0 6. 0-0 Re8 7. e4 Nbd7 8. Re1 c5 9. c3 a6 10. Nf1 Nb6 11. h3 e6 12. Bg5 h6 13. Bh4 g5 14. Bg3 cxd4 15. cxd4 Nh7 16. e5 dxe5 17. Nxe5 f5 18. Qh5 Rf8 19. Rad1 Nd7 20. Bc4 Nxe5 21. Bxe5 Bxe5 22. Rxe5 Qf6 23. Rde1 Qg7 24. Bxe6+ Bxe6 25. Rxe6 Nf6 26. Qe2 Nd5 27. Qc4 Rfd8 28. Re7 Qf6 29. R7e5 b5 30. Qb3 Qf7 31. Ng3 f4 32. Nf5 Kh7 33. Ne7 1-0

[Event "Winnipeg Winter op"]
[Site "Winnipeg"]
[Date "2005.02.12"]
[Round "2"]
[White "Schulz, Manfred"]
[Black "Proulx, Roy"]
[Result "1/2-1/2"]
[WhiteElo "1938"]
[BlackElo "1756"]
[PlyCount "74"]
[EventDate "2005.02.11"]
[EventType "swiss"]
[EventRounds "5"]
[EventCountry "CAN"]
[SourceTitle "EXT 2006"]
[Source "ChessBase"]
[SourceDate "2005.11.24"]
[SourceVersion "1"]
[SourceVersionDate "2005.11.24"]
[SourceQuality "1"]

1. d4 d5 2. Bf4 Nf6 3. Nf3 e6 4. e3 c5 5. c3 Nc6 6. Nbd2 cxd4 7. cxd4 Bd7 8. Rc1 Rc8 9. a3 Be7 10. Bd3 Nh5 11. Be5 Nxe5 12. Nxe5 Rxc1 13. Qxc1 f5 14. 0-0 0-0 15. Be2 Nf6 16. Qc2 Ne4 17. Rc1 Bd6 18. f4 Bxe5 19. fxe5 Qg5 20. Qd3 Bb5 21. Nxe4 fxe4 22. Qd2 Bxe2 23. Qxe2 Qe7 24. Rc5 Qf7 25. b4 h6 26. a4 a6 27. h3 Kh8 28. b5 axb5 29. axb5 Ra8 30. Kh2 Ra3 31. b6 Qe7 32. Rc7 Qg5 33. Rxb7 Rxe3 34. Qf2 Rb3 35. Rb8+ Kh7 36. b7 e3 37. Qc2+ Qf5 1/2-1/2

[Event "Winnipeg Mike Shpan Memorial"]
[Site "Winnipeg"]
[Date "2004.11.16"]
[Round "3"]
[White "Proulx, Roy"]
[Black "Lafreniere, Adrian"]
[Result "1/2-1/2"]
[WhiteElo "1695"]
[BlackElo "1753"]
[PlyCount "60"]
[EventDate "2004.11.02"]
[EventType "swiss"]
[EventRounds "6"]
[EventCountry "CAN"]
[SourceTitle "EXT 2009"]
[Source "ChessBase"]
[SourceDate "2008.11.26"]
[SourceVersion "1"]
[SourceVersionDate "2008.11.26"]
[SourceQuality "1"]

1. d4 e6 2. c4 d5 3. Nf3 Nf6 4. Bg5 Be7 5. Nc3 a6 6. e3 Nc6 7. Rc1 h6 8. Bf4 Bd6 9. Ne5 Bd7 10. Bd3 Nb4 11. Bb1 dxc4 12. a3 Nbd5 13. 0-0 Nxf4 14. exf4 b5 15. Qf3 Ra7 16. Ne4 Nxe4 17. Bxe4 Bxe5 18. dxe5 Qe7 19. Rfd1 0-0 20. Qe3 c5 21. Rd6 Rc8 22. Rcd1 a5 23. g4 Be8 24. f5 exf5 25. Bxf5 Rc6 26. Rd8 Rcc7 27. Qe4 Kf8 28. Rb8 Rab7 29. Ra8 Ra7 30. Rb8 Rab7 1/2-1/2

[Event "Winnipeg Mike Shpan Memorial"]
[Site "Winnipeg"]
[Date "2004.11.09"]
[Round "2"]
[White "Rutter, Blair A"]
[Black "Proulx, Roy"]
[Result "0-1"]
[WhiteElo "1659"]
[BlackElo "1695"]
[PlyCount "48"]
[EventDate "2004.11.02"]
[EventType "swiss"]
[EventRounds "6"]
[EventCountry "CAN"]
[SourceTitle "EXT 2009"]
[Source "ChessBase"]
[SourceDate "2008.11.26"]
[SourceVersion "1"]
[SourceVersionDate "2008.11.26"]
[SourceQuality "1"]

1. c4 e6 2. g3 Nf6 3. Bg2 d5 4. Nc3 c6 5. d3 Be7 6. Nf3 0-0 7. 0-0 Nbd7 8. Qc2 Re8 9. d4 dxc4 10. Rd1 Nd5 11. a3 Qb6 12. e4 Nxc3 13. bxc3 Qa5 14. Be3 a6 15. Nd2 b5 16. e5 Qc7 17. Ne4 Nb6 18. Bg5 Nd5 19. Bxe7 Qxe7 20. Qd2 Bb7 21. h4 Rad8 22. Re1 f5 23. exf6 Nxf6 24. Nc5 Qxc5 0-1

[Event "Winnipeg Mike Shpan Memorial"]
[Site "Winnipeg"]
[Date "2004.11.02"]
[Round "1"]
[White "Proulx, Roy"]
[Black "Schulz, Waldemar"]
[Result "1/2-1/2"]
[WhiteElo "1695"]
[BlackElo "2089"]
[PlyCount "101"]
[EventDate "2004.11.02"]
[EventType "swiss"]
[EventRounds "6"]
[EventCountry "CAN"]
[SourceTitle "EXT 2009"]
[Source "ChessBase"]
[SourceDate "2008.11.26"]
[SourceVersion "1"]
[SourceVersionDate "2008.11.26"]
[SourceQuality "1"]

1. d4 d5 2. c4 e6 3. Nc3 Nf6 4. cxd5 exd5 5. Nf3 c6 6. Bg5 Nbd7 7. e3 Qa5 8. Nd2 Bb4 9. Rc1 Ne4 10. Ndxe4 dxe4 11. Bf4 Qxa2 12. Qc2 0-0 13. Bd6 Bxc3+ 14. Qxc3 Re8 15. Bc4 Qa4 16. b3 Qa2 17. Ra1 Qxa1+ 18. Qxa1 Nb6 19. 0-0 Nxc4 20. bxc4 Be6 21. Qc3 b5 22. cxb5 cxb5 23. Ra1 Rec8 24. Bc5 a6 25. f3 Bd5 26. fxe4 Bxe4 27. Qa5 h5 28. Qb6 Rc6 29. Qb7 Re6 30. Qc7 Rg6 31. g3 Re8 32. Bd6 Ra8 33. Rf1 f5 34. Ra1 h4 35. Qb6 a5 36. Rxa5 Rxa5 37. Qxa5 Rxd6 38. Qxb5 Kh7 39. Qe5 Rd5 40. Qf4 hxg3 41. hxg3 Rb5 42. g4 Bd3 43. gxf5 Rxf5 44. Qh4+ Kg6 45. e4 Rb5 46. e5 Kf5 47. Kf2 Bc4 48. Qh3+ Ke4 49. Qe3+ Kd5 50. e6 Rb2+ 51. Ke1 1/2-1/2

[Event "Winnipeg TNT Oct op"]
[Site "Winnipeg"]
[Date "2004.10.05"]
[Round "1"]
[White "Proulx, Roy"]
[Black "Khedkar, Jay S"]
[Result "1/2-1/2"]
[WhiteElo "1695"]
[BlackElo "1948"]
[PlyCount "25"]
[EventDate "2004.10.??"]
[EventType "swiss"]
[EventRounds "4"]
[EventCountry "CAN"]
[SourceTitle "EXT 2006"]
[Source "ChessBase"]
[SourceDate "2005.11.24"]
[SourceVersion "1"]
[SourceVersionDate "2005.11.24"]
[SourceQuality "1"]

1. d4 d5 2. c4 e6 3. Nc3 Nf6 4. Nf3 Nbd7 5. cxd5 exd5 6. Qc2 Bb4 7. a3 Bxc3+ 8. bxc3 0-0 9. Bg5 Re8 10. e3 c6 11. Bd3 Qa5 12. Bxf6 Nxf6 13. Ne5 1/2-1/2

[Event "Albert Boxer Classic op"]
[Site "Winnipeg"]
[Date "2004.05.14"]
[Round "1"]
[White "Melamedoff, Gustavo"]
[Black "Proulx, Roy"]
[Result "1-0"]
[WhiteElo "2083"]
[BlackElo "1669"]
[PlyCount "35"]
[EventDate "2004.05.??"]
[EventType "swiss"]
[EventRounds "5"]
[EventCountry "CAN"]
[SourceTitle "EXT 2006"]
[Source "ChessBase"]
[SourceDate "2005.11.24"]
[SourceVersion "1"]
[SourceVersionDate "2005.11.24"]
[SourceQuality "1"]

1. e4 e6 2. d4 d5 3. Nc3 Bb4 4. e5 c5 5. a3 Bxc3+ 6. bxc3 Ne7 7. Nf3 Nbc6 8. a4 Bd7 9. Bd3 cxd4 10. cxd4 Nb4 11. 0-0 Nxd3 12. Qxd3 a6 13. Bg5 Rc8 14. Rfb1 b5 15. Nd2 bxa4 16. Qxa6 Rxc2 17. Bxe7 Qxe7 18. Rb8+ 1-0